000 00376 a2200145 4500
005 20250628055306.0
020 _a9987-694-10-1
082 _a330 MUT
100 _aMUTASA,F.L.
245 _aPrinciples of Economics
250 _a2nd Ed.
260 _aDar es Salaam,
_bTanzania Institute of Bankers,
_c2011.
300 _aiii,330p.:ill.;figures, tables
_c25cm
942 _2ddc
_cBKS
999 _c5804
_d5804